00355nam a22001451a 4500020000900000040002600009050002300035100002600058245004000084260002600124300001200150500001500162600002900177852000300206 c0.00 aNEGST Library - Kenya aPL 8704.K4K53 1984 aKezilahabi, Euphrase. aSofferenza :bpoesie Scelteh[Text] aNapolibPluralcc1984 a100 p.; a[Africana] aSwahili Language - Texts